000 00323nam a2200145Ia 4500
008 150201s2009 xx 000 0 und d
082 _a616.07
_bH09M
100 _aMCCANN,SHAUN
245 _aHAEMATOLOGY
250 _a1ST
260 _bWILEY BLACKWELL
_aUK
_c2009
300 _a1-90
650 _aPATHOLOGY
942 _2ddc
_cBK
999 _c575
_d575